[Event "DEM U18 2019"]
[Site "Willingen GER"]
[Date "2019.06.11"]
[Round "4"]
[White "Buckels, Valentin"]
[Black "Roseneck, Jonas"]
[Result "1-0"]
[Termination "normal"]
[Board "2"]
[WhiteTitle "IM"]
[BlackTitle "FM"]
[WhiteElo "2448"]
[BlackElo "2403"]
[WhiteClock "00:12:25"]
[BlackClock "00:07:03"]
[PlyCount "119"]
[WhiteFideId "12942766"]
[BlackFideId "12939870"]
[EventCountry "GER"]
[EventRounds "9"]
[EventType "swiss"]
[EventDate "2019.06.08"]

1. Nf3 {[%clk 1:30:55]} 1... Nf6 {[%clk 1:30:56]} 2. g3 {[%clk 1:31:08]} 2...
g6 {[%clk 1:31:03]} 3. b3 {[%clk 1:30:38]} 3... Bg7 {[%clk 1:29:02]} 4. Bb2 {
[%clk 1:30:24]} 4... O-O {[%clk 1:26:35]} 5. Bg2 {[%clk 1:30:41]} 5... d5 {
[%clk 1:17:24]} 6. c4 {[%clk 1:28:56]} 6... c6 {[%clk 1:05:00]} 7. O-O { [%clk
1:27:11]} 7... Bg4 {[%clk 1:03:37]} 8. d3 {[%clk 1:17:45]} 8... Bxf3 { [%clk
0:55:51]} 9. Bxf3 {[%clk 1:17:52]} 9... d4 {[%clk 0:55:39]} 10. e4 { [%clk
1:04:01]} 10... e5 {[%clk 0:48:04]} 11. Ba3 {[%clk 0:59:32]} 11... Re8 { [%clk
0:48:04]} 12. Bg2 {[%clk 0:59:33]} 12... h5 {[%clk 0:39:39]} 13. Bc1 { [%clk
0:54:26]} 13... Nbd7 {[%clk 0:38:25]} 14. Bg5 {[%clk 0:53:08]} 14... Qc7 {[%clk
0:35:14]} 15. Bh3 {[%clk 0:51:33]} 15... Nh7 {[%clk 0:29:46]} 16. Bc1 { [%clk
0:51:39]} 16... h4 {[%clk 0:25:29]} 17. gxh4 {[%clk 0:46:01]} 17... Ndf6 {[%clk
0:25:07]} 18. f4 {[%clk 0:44:41]} 18... exf4 {[%clk 0:24:12]} 19. Bxf4 { [%clk
0:44:34]} 19... Qe7 {[%clk 0:24:22]} 20. Qf3 {[%clk 0:39:45]} 20... Nh5 { [%clk
0:18:42]} 21. Bg3 {[%clk 0:39:41]} 21... Bh6 {[%clk 0:14:46]} 22. a4 { [%clk
0:34:44]} 22... Nf8 {[%clk 0:13:24]} 23. Na3 {[%clk 0:32:04]} 23... Ne6 { [%clk
0:12:54]} 24. Bxe6 {[%clk 0:24:58]} 24... Qxe6 {[%clk 0:10:44]} 25. Nc2 { [%clk
0:25:00]} 25... Rad8 {[%clk 0:10:25]} 26. a5 {[%clk 0:23:56]} 26... a6 { [%clk
0:09:26]} 27. b4 {[%clk 0:23:56]} 27... Rd7 {[%clk 0:08:44]} 28. Rab1 { [%clk
0:21:39]} 28... Bg7 {[%clk 0:07:32]} 29. Na3 {[%clk 0:19:52]} 29... c5 { [%clk
0:06:35]} 30. b5 {[%clk 0:15:51]} 30... Be5 {[%clk 0:05:32]} 31. Rb2 { [%clk
0:14:49]} 31... Kh7 {[%clk 0:04:32]} 32. Bxe5 {[%clk 0:09:55]} 32... Qxe5
{[%clk 0:05:01]} 33. Qg4 {[%clk 0:10:07]} 33... Rc7 {[%clk 0:03:21]} 34. Rg2 {
[%clk 0:03:46]} 34... Re6 {[%clk 0:03:42]} 35. b6 {[%clk 0:03:34]} 35... Rce7 {
[%clk 0:03:30]} 36. Nb1 {[%clk 0:03:26]} 36... Rf6 {[%clk 0:03:11]} 37. Rxf6 {
[%clk 0:03:27]} 37... Qxf6 {[%clk 0:02:21]} 38. Nd2 {[%clk 0:02:56]} 38... Qf4
{[%clk 0:01:58]} 39. Nf1 {[%clk 0:01:08]} 39... Re6 {[%clk 0:00:48]} 40. Qxf4 {
[%clk 0:00:39]} 40... Nxf4 {[%clk 0:01:17]} 41. Rd2 {[%clk 0:00:36]} 41... Rf6
{[%clk 0:22:41]} 42. Ng3 {[%clk 0:28:41]} 42... Nh3+ {[%clk 0:23:06]} 43. Kg2 {
[%clk 0:27:32]} 43... Nf4+ {[%clk 0:23:28]} 44. Kh1 {[%clk 0:27:40]} 44... Nh3
{[%clk 0:23:52]} 45. e5 {[%clk 0:20:13]} 45... Rf2 {[%clk 0:20:30]} 46. Rd1 {
[%clk 0:20:30]} 46... Ra2 {[%clk 0:18:57]} 47. Ne4 {[%clk 0:20:36]} 47... Nf2+
{[%clk 0:14:55]} 48. Nxf2 {[%clk 0:21:04]} 48... Rxf2 {[%clk 0:15:24]} 49. Re1
{[%clk 0:19:06]} 49... Rd2 {[%clk 0:12:42]} 50. e6 {[%clk 0:19:13]} 50... fxe6
{[%clk 0:13:11]} 51. Rxe6 {[%clk 0:18:09]} 51... Rxd3 {[%clk 0:13:39]} 52. Re5
{[%clk 0:18:20]} 52... Ra3 {[%clk 0:07:17]} 53. Rxc5 {[%clk 0:17:41]} 53... d3
{[%clk 0:07:47]} 54. Rc7+ {[%clk 0:12:03]} 54... Kh6 {[%clk 0:08:16]} 55. Rxb7
{[%clk 0:11:20]} 55... Rxa5 {[%clk 0:08:45]} 56. Rd7 {[%clk 0:11:24]} 56...
Ra1+ {[%clk 0:08:07]} 57. Kg2 {[%clk 0:11:48]} 57... Rc1 {[%clk 0:06:26]} 58.
b7 {[%clk 0:11:44]} 58... Rb1 {[%clk 0:06:53]} 59. c5 {[%clk 0:12:01]} 59... d2
{[%clk 0:07:03]} 60. c6 {[%clk 0:12:25]} 1-0

[Event "DEM U18 2019"]
[Site "Willingen GER"]
[Date "2019.06.11"]
[Round "4"]
[White "Mütsch, Annmarie"]
[Black "Parvanyan, Ashot"]
[Result "0-1"]
[Termination "normal"]
[Board "4"]
[WhiteTitle "WIM"]
[BlackTitle "IM"]
[WhiteElo "2266"]
[BlackElo "2421"]
[WhiteClock "00:24:56"]
[BlackClock "00:27:43"]
[PlyCount "84"]
[WhiteFideId "12971367"]
[BlackFideId "13307550"]
[EventCountry "GER"]
[EventRounds "9"]
[EventType "swiss"]
[EventDate "2019.06.08"]

1. e4 {[%clk 1:30:56]} 1... g6 {[%clk 1:30:47]} 2. d4 {[%clk 1:31:19]} 2... Bg7
{[%clk 1:31:11]} 3. Nc3 {[%clk 1:31:43]} 3... d6 {[%clk 1:31:35]} 4. f4 { [%clk
1:32:08]} 4... a6 {[%clk 1:31:42]} 5. Nf3 {[%clk 1:32:15]} 5... b5 { [%clk
1:31:22]} 6. Bd3 {[%clk 1:32:23]} 6... Nd7 {[%clk 1:31:32]} 7. e5 { [%clk
1:32:27]} 7... Bb7 {[%clk 1:31:09]} 8. Ng5 {[%clk 1:32:23]} 8... Nf8 { [%clk
1:23:30]} 9. Qe2 {[%clk 1:32:27]} 9... b4 {[%clk 1:03:00]} 10. Nce4 { [%clk
1:32:21]} 10... Nh6 {[%clk 1:01:47]} 11. Bb5+ {[%clk 1:21:06]} 11... axb5
{[%clk 0:42:35]} 12. Qxb5+ {[%clk 1:21:28]} 12... Nd7 {[%clk 0:42:58]} 13. Qxb7
{[%clk 1:21:34]} 13... Rb8 {[%clk 0:43:02]} 14. Qc6 {[%clk 1:16:07]} 14... Rb6
{[%clk 0:43:18]} 15. Qa4 {[%clk 1:16:09]} 15... e6 {[%clk 0:40:59]} 16. Bd2 {
[%clk 1:12:00]} 16... Nf5 {[%clk 0:34:24]} 17. Nf3 {[%clk 1:10:17]} 17... O-O {
[%clk 0:32:06]} 18. O-O {[%clk 1:06:07]} 18... Rb8 {[%clk 0:28:49]} 19. Rfe1 {
[%clk 0:50:22]} 19... c5 {[%clk 0:20:00]} 20. dxc5 {[%clk 0:41:15]} 20... d5 {
[%clk 0:10:56]} 21. Nd6 {[%clk 0:40:59]} 21... Nxc5 {[%clk 0:09:48]} 22. Qa7 {
[%clk 0:38:55]} 22... Nxd6 {[%clk 0:09:31]} 23. Qxc5 {[%clk 0:39:20]} 23... Ne4
{[%clk 0:09:44]} 24. Qd4 {[%clk 0:38:37]} 24... f6 {[%clk 0:07:20]} 25. Rad1 {
[%clk 0:33:57]} 25... fxe5 {[%clk 0:05:05]} 26. fxe5 {[%clk 0:34:13]} 26... Qe7
{[%clk 0:01:16]} 27. Be3 {[%clk 0:24:59]} 27... Rbc8 {[%clk 0:01:07]} 28. Qd3 {
[%clk 0:23:12]} 28... Qc7 {[%clk 0:00:34]} 29. Qa6 {[%clk 0:18:19]} 29... Rfe8
{[%clk 0:00:33]} 30. Rf1 {[%clk 0:14:00]} 30... Ra8 {[%clk 0:00:39]} 31. Qd3 {
[%clk 0:13:15]} 31... Rxa2 {[%clk 0:00:42]} 32. Qb3 {[%clk 0:12:14]} 32... Raa8
{[%clk 0:01:04]} 33. Rd4 {[%clk 0:10:02]} 33... Rac8 {[%clk 0:00:39]} 34. Rxb4
{[%clk 0:06:54]} 34... Qxc2 {[%clk 0:00:40]} 35. Qxc2 {[%clk 0:07:03]} 35...
Rxc2 {[%clk 0:01:06]} 36. Rb7 {[%clk 0:05:57]} 36... Re2 {[%clk 0:00:36]} 37.
Bf4 {[%clk 0:04:12]} 37... Nc5 {[%clk 0:00:48]} 38. Rc7 {[%clk 0:02:09]} 38...
Nd3 {[%clk 0:01:08]} 39. Bg3 {[%clk 0:01:46]} 39... Bh6 {[%clk 0:00:37]} 40. b3
{[%clk 0:00:51]} 40... Rf8 {[%clk 0:00:33]} 41. Re7 {[%clk 0:27:47]} 41... Nxe5
{[%clk 0:27:27]} 42. Rxe6 {[%clk 0:24:56]} 42... Nxf3+ {[%clk 0:27:43]} 0-1

[Event "DEM U18 2019"]
[Site "Willingen GER"]
[Date "2019.06.11"]
[Round "4"]
[White "Rieß, Alexander"]
[Black "Schmider, Niklas"]
[Result "1/2-1/2"]
[Termination "normal"]
[Board "5"]
[WhiteTitle "FM"]
[WhiteElo "2305"]
[BlackElo "2300"]
[WhiteClock "00:34:39"]
[BlackClock "00:16:41"]
[PlyCount "59"]
[WhiteFideId "12953326"]
[BlackFideId "12993778"]
[EventCountry "GER"]
[EventRounds "9"]
[EventType "swiss"]
[EventDate "2019.06.08"]

1. d4 {[%clk 1:30:56]} 1... Nf6 {[%clk 1:30:53]} 2. Nf3 {[%clk 1:31:20]} 2...
c5 {[%clk 1:31:12]} 3. d5 {[%clk 1:31:08]} 3... b5 {[%clk 1:31:31]} 4. c4 {
[%clk 1:28:46]} 4... Bb7 {[%clk 1:31:27]} 5. Bg5 {[%clk 1:13:20]} 5... Ne4 {
[%clk 1:23:59]} 6. Bf4 {[%clk 1:09:01]} 6... bxc4 {[%clk 1:21:27]} 7. Nc3 {
[%clk 1:06:29]} 7... Nxc3 {[%clk 1:17:57]} 8. bxc3 {[%clk 1:06:44]} 8... e6 {
[%clk 1:04:45]} 9. e4 {[%clk 1:03:38]} 9... exd5 {[%clk 1:04:32]} 10. exd5 {
[%clk 1:03:35]} 10... d6 {[%clk 1:01:48]} 11. Bxc4 {[%clk 1:02:57]} 11... Nd7 {
[%clk 0:59:04]} 12. O-O {[%clk 0:58:07]} 12... Be7 {[%clk 0:58:33]} 13. Re1 {
[%clk 0:57:54]} 13... O-O {[%clk 0:55:21]} 14. Bd3 {[%clk 0:57:07]} 14... g6 {
[%clk 0:52:01]} 15. c4 {[%clk 0:57:05]} 15... Re8 {[%clk 0:48:39]} 16. Rb1 {
[%clk 0:52:12]} 16... Nb6 {[%clk 0:44:40]} 17. Nd2 {[%clk 0:48:52]} 17... Ba6 {
[%clk 0:35:45]} 18. Qc2 {[%clk 0:47:46]} 18... Qd7 {[%clk 0:28:27]} 19. Ne4 {
[%clk 0:45:04]} 19... f5 {[%clk 0:26:34]} 20. Ng5 {[%clk 0:43:43]} 20... Bxg5 {
[%clk 0:26:07]} 21. Bxg5 {[%clk 0:44:06]} 21... Rxe1+ {[%clk 0:25:41]} 22. Rxe1
{[%clk 0:44:30]} 22... Re8 {[%clk 0:25:43]} 23. Rc1 {[%clk 0:44:27]} 23... Qa4
{[%clk 0:24:21]} 24. Qc3 {[%clk 0:43:23]} 24... Qb4 {[%clk 0:19:30]} 25. h4 {
[%clk 0:37:58]} 25... Qxc3 {[%clk 0:17:25]} 26. Rxc3 {[%clk 0:38:20]} 26...
Re1+ {[%clk 0:17:27]} 27. Kh2 {[%clk 0:38:31]} 27... Rd1 {[%clk 0:17:19]} 28.
Bf4 {[%clk 0:34:15]} 28... Nxd5 {[%clk 0:16:29]} 29. cxd5 {[%clk 0:34:22]}
29... Rxd3 {[%clk 0:16:41]} 30. Rxd3 {[%clk 0:34:39]} 1/2-1/2

[Event "DEM U18 2019"]
[Site "Willingen GER"]
[Date "2019.06.11"]
[Round "4"]
[White "Rockmann, Jan-Okke"]
[Black "Färber, David"]
[Result "0-1"]
[Termination "normal"]
[Board "6"]
[WhiteElo "1816"]
[BlackElo "2293"]
[WhiteClock "00:50:12"]
[BlackClock "00:09:20"]
[PlyCount "140"]
[WhiteFideId "12942111"]
[BlackFideId "12971294"]
[EventCountry "GER"]
[EventRounds "9"]
[EventType "swiss"]
[EventDate "2019.06.08"]

1. e4 {[%clk 1:30:58]} 1... c5 {[%clk 1:30:20]} 2. Nf3 {[%clk 1:31:09]} 2...
Nc6 {[%clk 1:30:45]} 3. d4 {[%clk 1:31:28]} 3... cxd4 {[%clk 1:31:08]} 4. Nxd4
{[%clk 1:31:48]} 4... g6 {[%clk 1:31:07]} 5. Be3 {[%clk 1:31:45]} 5... Bg7 {
[%clk 1:30:48]} 6. Nc3 {[%clk 1:31:31]} 6... Nf6 {[%clk 1:31:07]} 7. Bc4 {
[%clk 1:30:54]} 7... O-O {[%clk 1:31:06]} 8. f3 {[%clk 1:30:18]} 8... Qb6 {
[%clk 1:29:54]} 9. Bb3 {[%clk 1:28:30]} 9... Nxe4 {[%clk 1:27:31]} 10. Nd5 {
[%clk 1:28:35]} 10... Qa5+ {[%clk 1:27:17]} 11. c3 {[%clk 1:28:29]} 11... Nc5 {
[%clk 1:24:39]} 12. Nxc6 {[%clk 1:28:07]} 12... dxc6 {[%clk 1:24:44]} 13. Nxe7+
{[%clk 1:28:06]} 13... Kh8 {[%clk 1:25:06]} 14. Nxc8 {[%clk 1:26:30]} 14...
Raxc8 {[%clk 1:15:19]} 15. O-O {[%clk 1:24:59]} 15... Rcd8 {[%clk 1:04:33]} 16.
Qc2 {[%clk 1:11:13]} 16... Rfe8 {[%clk 0:47:46]} 17. Bf2 {[%clk 1:03:14]} 17...
Kg8 {[%clk 0:27:56]} 18. Rfe1 {[%clk 0:40:47]} 18... Nxb3 {[%clk 0:21:18]} 19.
Qxb3 {[%clk 0:38:21]} 19... b6 {[%clk 0:12:17]} 20. h3 {[%clk 0:26:39]} 20...
Bf6 {[%clk 0:09:06]} 21. Qc4 {[%clk 0:25:04]} 21... Qb5 {[%clk 0:07:25]} 22.
Rxe8+ {[%clk 0:22:14]} 22... Rxe8 {[%clk 0:07:53]} 23. Qxb5 {[%clk 0:22:37]}
23... cxb5 {[%clk 0:08:17]} 24. Rd1 {[%clk 0:23:00]} 24... Re2 {[%clk 0:07:01]}
25. Rd7 {[%clk 0:23:19]} 25... Rxb2 {[%clk 0:06:08]} 26. Rxa7 {[%clk 0:23:31]}
26... Rb1+ {[%clk 0:05:09]} 27. Kh2 Be5+ 28. f4 {[%clk 0:18:12]} 28... Bxf4+ {
[%clk 0:05:03]} 29. g3 {[%clk 0:18:36]} 29... Rb2 {[%clk 0:04:00]} 30. gxf4 {
[%clk 0:18:53]} 30... Rxf2+ {[%clk 0:04:24]} 31. Kg3 {[%clk 0:19:18]} 31... Rc2
{[%clk 0:04:38]} 32. Ra3 {[%clk 0:18:19]} 32... Kg7 {[%clk 0:04:10]} 33. Rb3 {
[%clk 0:18:23]} 33... Rxa2 {[%clk 0:04:10]} 34. Rxb5 {[%clk 0:18:45]} 34... Ra3
{[%clk 0:03:44]} 35. Rxb6 {[%clk 0:18:55]} 35... Rxc3+ {[%clk 0:04:10]} 36. Kg2
{[%clk 0:18:44]} 36... Re3 {[%clk 0:04:15]} 37. Rb7 {[%clk 0:18:21]} 37... Kf6
{[%clk 0:04:35]} 38. Ra7 {[%clk 0:18:36]} 38... Rb3 {[%clk 0:04:40]} 39. Rc7 {
[%clk 0:18:54]} 39... Ra3 {[%clk 0:05:00]} 40. Rb7 {[%clk 0:19:16]} 40... Rd3 {
[%clk 0:05:00]} 41. Ra7 {[%clk 0:19:07]} 41... Re3 {[%clk 0:03:49]} 42. Rb7 {
[%clk 0:18:59]} 42... Re7 {[%clk 0:02:39]} 43. Rb5 {[%clk 0:19:12]} 43... Rc7 {
[%clk 0:01:03]} 44. Ra5 {[%clk 0:19:34]} 44... Rd7 {[%clk 0:29:39]} 45. Rb5 {
[%clk 0:49:55]} 45... Kg7 {[%clk 0:27:15]} 46. Rb6 {[%clk 0:49:21]} 46... Kh6 {
[%clk 0:20:50]} 47. Rb5 {[%clk 0:47:31]} 47... Re7 {[%clk 0:12:40]} 48. Ra5 {
[%clk 0:47:55]} 48... f5 {[%clk 0:12:25]} 49. Rb5 {[%clk 0:48:00]} 49... Kh5 {
[%clk 0:12:35]} 50. Rb3 {[%clk 0:47:53]} 50... Kh4 {[%clk 0:11:13]} 51. Kf3 {
[%clk 0:45:56]} 51... Ra7 {[%clk 0:09:19]} 52. Kf2 {[%clk 0:46:12]} 52... Ra4 {
[%clk 0:08:07]} 53. Rf3 {[%clk 0:46:29]} 53... Rb4 {[%clk 0:08:26]} 54. Kg2
54... Rc4 {[%clk 0:08:50]} 55. Kf2 {[%clk 0:46:58]} 55... Rd4 {[%clk 0:09:14]}
56. Kg2 {[%clk 0:47:19]} 56... Re4 {[%clk 0:09:37]} 57. Kf2 {[%clk 0:47:44]}
57... Ra4 {[%clk 0:09:57]} 58. Kg2 58... Rb4 {[%clk 0:09:04]} 59. Kf2 { [%clk
0:48:32]} 59... Rc4 {[%clk 0:08:55]} 60. Kg2 {[%clk 0:48:56]} 60... h6 { [%clk
0:08:56]} 61. Kf2 {[%clk 0:48:25]} 61... Ra4 {[%clk 0:09:10]} 62. Kg2 { [%clk
0:48:49]} 62... Rb4 {[%clk 0:09:36]} 63. Kf2 {[%clk 0:49:14]} 63... Rd4 { [%clk
0:09:39]} 64. Kg2 {[%clk 0:49:31]} 64... Re4 {[%clk 0:09:20]} 65. Kh2 { [%clk
0:50:12]} 65... Ra4 66. Kg2 Ra2+ 67. Kg1 Ra5 68. Rb3 g5 69. Rb6 Kxh3 70. Rxh6+
Kg3 0-1

[Event "DEM U18 2019"]
[Site "Willingen GER"]
[Date "2019.06.11"]
[Round "4"]
[White "Browning, Alex"]
[Black "Arndt, Magnus"]
[Result "1/2-1/2"]
[Termination "normal"]
[Board "7"]
[WhiteElo "2304"]
[BlackElo "2186"]
[WhiteClock "00:15:14"]
[BlackClock "00:27:57"]
[PlyCount "56"]
[WhiteFideId "12984019"]
[BlackFideId "12998656"]
[EventCountry "GER"]
[EventRounds "9"]
[EventType "swiss"]
[EventDate "2019.06.08"]

1. Nf3 {[%clk 1:30:52]} 1... Nf6 {[%clk 1:30:51]} 2. c4 {[%clk 1:31:15]} 2...
e6 {[%clk 1:31:15]} 3. g3 {[%clk 1:31:40]} 3... d5 {[%clk 1:31:37]} 4. Bg2 {
[%clk 1:32:03]} 4... Be7 {[%clk 1:31:13]} 5. O-O {[%clk 1:32:17]} 5... O-O {
[%clk 1:31:32]} 6. d4 {[%clk 1:31:18]} 6... dxc4 {[%clk 1:28:15]} 7. Qc2 {
[%clk 1:27:13]} 7... a6 {[%clk 1:27:04]} 8. a4 {[%clk 1:13:43]} 8... Bd7 {
[%clk 1:27:19]} 9. Ne5 {[%clk 1:12:17]} 9... Bc6 {[%clk 1:22:37]} 10. Nxc6 {
[%clk 1:09:14]} 10... Nxc6 {[%clk 1:22:57]} 11. e3 {[%clk 1:09:34]} 11... Na5 {
[%clk 1:12:26]} 12. Nd2 {[%clk 1:05:01]} 12... c5 {[%clk 1:02:33]} 13. dxc5 {
[%clk 0:50:42]} 13... Rc8 {[%clk 0:54:55]} 14. b4 {[%clk 0:48:22]} 14... cxb3 {
[%clk 0:53:20]} 15. Nxb3 {[%clk 0:47:53]} 15... Nxb3 {[%clk 0:53:35]} 16. Qxb3
{[%clk 0:48:17]} 16... Nd7 {[%clk 0:52:17]} 17. Ba3 {[%clk 0:40:41]} 17... Nxc5
{[%clk 0:39:23]} 18. Bxc5 {[%clk 0:41:00]} 18... Bxc5 {[%clk 0:39:29]} 19. Qxb7
{[%clk 0:40:47]} 19... a5 {[%clk 0:38:54]} 20. Rac1 {[%clk 0:33:11]} 20... Bb4
{[%clk 0:37:20]} 21. Rfd1 {[%clk 0:33:16]} 21... Rxc1 {[%clk 0:37:11]} 22. Rxc1
{[%clk 0:33:16]} 22... Qf6 {[%clk 0:37:21]} 23. Be4 {[%clk 0:32:31]} 23... g6 {
[%clk 0:37:12]} 24. h4 {[%clk 0:26:27]} 24... h5 {[%clk 0:33:45]} 25. Kg2 {
[%clk 0:21:21]} 25... Rd8 {[%clk 0:31:26]} 26. Rc2 {[%clk 0:15:29]} 26... Rd2 {
[%clk 0:28:19]} 27. Rxd2 {[%clk 0:15:27]} 27... Bxd2 {[%clk 0:28:44]} 28. Qb6 {
[%clk 0:15:14]} 28... Be1 {[%clk 0:27:57]} 1/2-1/2

[Event "DEM U18 2019"]
[Site "Willingen GER"]
[Date "2019.06.11"]
[Round "4"]
[White "Ewert, Hannes"]
[Black "Vuckovic, Zarko"]
[Result "1/2-1/2"]
[Termination "normal"]
[Board "8"]
[WhiteTitle "FM"]
[WhiteElo "2268"]
[BlackElo "2132"]
[WhiteClock "00:01:39"]
[BlackClock "00:43:16"]
[PlyCount "45"]
[WhiteFideId "12961574"]
[BlackFideId "12952087"]
[EventCountry "GER"]
[EventRounds "9"]
[EventType "swiss"]
[EventDate "2019.06.08"]

1. Nf3 {[%clk 1:30:55]} 1... d5 {[%clk 1:29:18]} 2. g3 {[%clk 1:31:10]} 2...
Nc6 {[%clk 1:28:34]} 3. d4 {[%clk 1:31:00]} 3... Bf5 {[%clk 1:28:26]} 4. Bg2 {
[%clk 1:29:32]} 4... Qd7 {[%clk 1:28:37]} 5. O-O {[%clk 1:28:13]} 5... O-O-O {
[%clk 1:27:21]} 6. c3 {[%clk 1:26:56]} 6... f6 {[%clk 1:25:13]} 7. b4 { [%clk
1:26:31]} 7... Kb8 {[%clk 1:24:22]} 8. Nbd2 {[%clk 1:24:16]} 8... Re8 { [%clk
1:20:25]} 9. Nb3 {[%clk 1:11:16]} 9... e5 {[%clk 1:20:36]} 10. b5 { [%clk
1:11:20]} 10... Nd8 {[%clk 1:20:58]} 11. a4 {[%clk 1:11:25]} 11... e4 { [%clk
1:18:44]} 12. Nfd2 {[%clk 0:58:46]} 12... h5 {[%clk 1:10:01]} 13. Nc5 { [%clk
0:51:45]} 13... Bxc5 {[%clk 1:05:09]} 14. dxc5 {[%clk 0:51:35]} 14... Bh3
{[%clk 1:04:27]} 15. c6 {[%clk 0:41:31]} 15... Qf5 {[%clk 0:58:57]} 16. Nb3 {
[%clk 0:05:56]} 16... h4 {[%clk 0:57:50]} 17. Nd4 {[%clk 0:05:44]} 17... Qc8 {
[%clk 0:54:56]} 18. cxb7 {[%clk 0:06:10]} 18... Kxb7 {[%clk 0:55:20]} 19. Bxh3
{[%clk 0:03:39]} 19... Qxh3 {[%clk 0:55:34]} 20. g4 {[%clk 0:04:01]} 20... f5 {
[%clk 0:49:07]} 21. gxf5 {[%clk 0:02:38]} 21... Nf6 {[%clk 0:49:11]} 22. Kh1 {
[%clk 0:02:11]} 22... g5 {[%clk 0:43:16]} 23. Rg1 {[%clk 0:01:39]} 1/2-1/2

[Event "DEM U18 2019"]
[Site "Willingen GER"]
[Date "2019.06.11"]
[Round "4"]
[White "Schneider, Jana"]
[Black "Wong, Gengchun"]
[Result "1/2-1/2"]
[Termination "normal"]
[Board "9"]
[WhiteTitle "FM"]
[WhiteElo "2235"]
[BlackElo "2144"]
[WhiteClock "00:27:04"]
[BlackClock "00:00:42"]
[PlyCount "76"]
[WhiteFideId "12924997"]
[BlackFideId "12963283"]
[EventCountry "GER"]
[EventRounds "9"]
[EventType "swiss"]
[EventDate "2019.06.08"]

1. e4 {[%clk 1:30:56]} 1... c5 {[%clk 1:30:56]} 2. Nf3 {[%clk 1:31:20]} 2... d6
{[%clk 1:31:23]} 3. d4 {[%clk 1:31:43]} 3... cxd4 {[%clk 1:31:50]} 4. Nxd4 {
[%clk 1:32:06]} 4... Nf6 {[%clk 1:32:16]} 5. Nc3 {[%clk 1:32:27]} 5... a6 {
[%clk 1:32:42]} 6. Bd3 {[%clk 1:32:48]} 6... g6 {[%clk 1:31:06]} 7. f3 { [%clk
1:32:54]} 7... Bg7 {[%clk 1:30:50]} 8. Be3 {[%clk 1:32:45]} 8... b5 { [%clk
1:26:50]} 9. a3 {[%clk 1:24:21]} 9... Bb7 {[%clk 1:17:52]} 10. Qd2 { [%clk
1:23:24]} 10... Nbd7 {[%clk 1:15:30]} 11. Bh6 {[%clk 1:20:21]} 11... Bxh6
{[%clk 1:13:07]} 12. Qxh6 {[%clk 1:20:41]} 12... Qb6 {[%clk 1:01:01]} 13. Nde2
{[%clk 1:18:16]} 13... Qc5 {[%clk 0:46:07]} 14. h4 {[%clk 1:14:20]} 14... Ng8 {
[%clk 0:27:06]} 15. Qd2 {[%clk 1:09:56]} 15... h5 {[%clk 0:25:02]} 16. Nf4 {
[%clk 1:07:29]} 16... Ngf6 {[%clk 0:23:43]} 17. Be2 {[%clk 1:06:22]} 17... Nb6
{[%clk 0:19:37]} 18. O-O-O {[%clk 1:04:27]} 18... Kf8 {[%clk 0:12:31]} 19. Rhe1
{[%clk 0:58:03]} 19... Kg7 {[%clk 0:11:00]} 20. Nd3 {[%clk 0:55:09]} 20... Qc7
{[%clk 0:10:00]} 21. Qg5 {[%clk 0:50:21]} 21... Nc4 {[%clk 0:08:43]} 22. Nd5 {
[%clk 0:49:59]} 22... Bxd5 {[%clk 0:08:10]} 23. exd5 {[%clk 0:50:20]} 23...
Rhc8 {[%clk 0:03:07]} 24. Nb4 {[%clk 0:48:50]} 24... a5 {[%clk 0:02:20]} 25.
Nc6 {[%clk 0:48:19]} 25... e5 {[%clk 0:01:21]} 26. Bxc4 {[%clk 0:44:50]} 26...
bxc4 {[%clk 0:01:48]} 27. Qd2 {[%clk 0:39:23]} 27... Nxd5 {[%clk 0:01:04]} 28.
Qxd5 {[%clk 0:38:26]} 28... Qxc6 {[%clk 0:01:30]} 29. Qxd6 {[%clk 0:38:45]}
29... Qxd6 {[%clk 0:01:21]} 30. Rxd6 {[%clk 0:39:13]} 30... Rc5 {[%clk 0:01:11]
} 31. Red1 {[%clk 0:36:57]} 31... Kf8 {[%clk 0:00:39]} 32. Rd7 {[%clk 0:36:10]}
32... Ra6 {[%clk 0:00:32]} 33. Rb7 {[%clk 0:35:46]} 33... Rf6 {[%clk 0:00:50]}
34. Rdd7 {[%clk 0:34:29]} 34... c3 {[%clk 0:01:00]} 35. b4 {[%clk 0:32:45]}
35... axb4 {[%clk 0:01:27]} 36. axb4 {[%clk 0:33:10]} 36... Rc4 {[%clk 0:01:41]
} 37. Rdc7 {[%clk 0:28:58]} 37... Rff4 {[%clk 0:01:10]} 38. b5 {[%clk 0:27:04]}
38... Rxh4 {[%clk 0:00:42]} 1/2-1/2

[Event "DEM U18 2019"]
[Site "Willingen GER"]
[Date "2019.06.11"]
[Round "4"]
[White "Runte, Moritz"]
[Black "Goldbeck, Lars"]
[Result "1/2-1/2"]
[Termination "normal"]
[Board "11"]
[WhiteElo "2096"]
[BlackElo "2199"]
[WhiteClock "00:40:12"]
[BlackClock "01:06:41"]
[PlyCount "43"]
[WhiteFideId "12991449"]
[BlackFideId "16208188"]
[EventCountry "GER"]
[EventRounds "9"]
[EventType "swiss"]
[EventDate "2019.06.08"]

1. e4 {[%clk 1:30:57]} 1... c5 {[%clk 1:30:58]} 2. Nf3 {[%clk 1:31:17]} 2... d6
{[%clk 1:31:20]} 3. d4 {[%clk 1:31:43]} 3... Nf6 {[%clk 1:31:43]} 4. Nc3 {
[%clk 1:25:17]} 4... cxd4 {[%clk 1:32:07]} 5. Nxd4 {[%clk 1:25:40]} 5... a6 {
[%clk 1:32:34]} 6. Be2 {[%clk 1:25:44]} 6... e5 {[%clk 1:32:59]} 7. Nf3 { [%clk
1:26:05]} 7... Be7 {[%clk 1:32:55]} 8. Bg5 {[%clk 1:26:25]} 8... Nbd7 { [%clk
1:32:34]} 9. a4 {[%clk 1:26:43]} 9... h6 {[%clk 1:32:09]} 10. Be3 { [%clk
1:26:53]} 10... O-O {[%clk 1:28:35]} 11. Nd2 {[%clk 1:26:53]} 11... b6 { [%clk
1:24:20]} 12. Nc4 {[%clk 1:18:27]} 12... Qc7 {[%clk 1:24:06]} 13. O-O { [%clk
1:11:11]} 13... Bb7 {[%clk 1:22:46]} 14. f3 {[%clk 1:09:54]} 14... Rac8 { [%clk
1:19:02]} 15. Qd2 {[%clk 1:08:02]} 15... Rfd8 {[%clk 1:10:29]} 16. Rfd1 { [%clk
1:02:40]} 16... Nc5 {[%clk 1:07:30]} 17. a5 {[%clk 0:59:52]} 17... b5 { [%clk
1:07:12]} 18. Nb6 {[%clk 1:00:09]} 18... Rb8 {[%clk 1:07:36]} 19. b4 { [%clk
0:55:59]} 19... Ncd7 {[%clk 1:07:13]} 20. Bxb5 {[%clk 0:40:15]} 20... axb5
{[%clk 1:06:16]} 21. Nxb5 {[%clk 0:39:54]} 21... Qc6 {[%clk 1:06:41]} 22. Na7
{[%clk 0:40:12]} 1/2-1/2